[Event "2BLO 1920 Münchener Schachclub 1836 - S"]
[Site "?"]
[Date "2021.08.07"]
[Round "9.6"]
[White "Berchtenbreiter, Maximilian"]
[Black "Heimrath, Reiner"]
[Result "1-0"]
[WhiteElo "2504"]
[BlackElo "2170"]
[PlyCount "91"]
[EventDate "2021.??.??"]

1. e4 e5 2. Nf3 Nc6 3. Bc4 Nf6 4. d3 Be7 5. c3 d6 6. Bb3 O-O 7. Nbd2 Kh8 8. h3
Ng8 9. g4 Be6 10. Nf1 d5 11. Qe2 Na5 12. Bxd5 Bxd5 13. exd5 Qxd5 14. Ne3 Qe6
15. b4 Nc6 16. b5 Na5 17. O-O a6 18. Rb1 Nh6 19. c4 e4 20. Nd4 Qd7 21. Nef5
Nxf5 22. Nxf5 Rfe8 23. Qxe4 Bf8 24. Qf3 axb5 25. cxb5 Re5 26. a4 Rd5 27. Rd1
Nc4 28. Bf4 Ne5 29. Bxe5 Rxe5 30. Qxb7 Rc8 31. b6 g6 32. Nd4 Rc5 33. a5 Kg7 34.
Qxc8 Qxc8 35. b7 Qd8 36. Nc6 Qh4 37. b8=Q Rc2 38. Rf1 Bd6 39. Qe8 Qxh3 40. Ne5
Kf6 41. Nd7+ Kg7 42. Ne5 Kf6 43. Qxf7+ Kxe5 44. Rfe1+ Kd4 45. Re4+ Kc3 46. Rc4+
1-0

[Event "2BLO 1920 Münchener Schachclub 1836 - S"]
[Site "?"]
[Date "2021.08.07"]
[Round "9.7"]
[White "Krauss, Hermann"]
[Black "Radovanovic, Nikola"]
[Result "0-1"]
[WhiteElo "2123"]
[BlackElo "2409"]
[PlyCount "44"]
[EventDate "2021.??.??"]

1. Nf3 Nf6 2. c4 g6 3. b3 Bg7 4. Bb2 O-O 5. g3 c5 6. d4 d6 7. Bg2 Nc6 8. d5 Na5
9. Nc3 a6 10. Nd2 Rb8 11. a4 e6 12. dxe6 Bxe6 13. e4 Ng4 14. h3 Ne5 15. Qc2
Nac6 16. O-O Nb4 17. Qb1 Ned3 18. Nd1 Nxb2 19. Nxb2 Qf6 20. Nd3 Qxa1 21. Qxa1
Bxa1 22. Nxb4 Bc3 0-1

[Event "2BLO 1920 Münchener Schachclub 1836 - S"]
[Site "?"]
[Date "2021.08.07"]
[Round "9.8"]
[White "Ciolek, Andreas"]
[Black "Petrashov, Alexander"]
[Result "1-0"]
[WhiteElo "2247"]
[BlackElo "1996"]
[PlyCount "71"]
[EventDate "2021.??.??"]

1. e4 e6 2. d4 d5 3. exd5 exd5 4. Nf3 Bd6 5. c4 Nf6 6. c5 Be7 7. h3 b6 8. cxb6
axb6 9. Bd3 O-O 10. O-O Bb7 11. Nc3 c5 12. dxc5 bxc5 13. Bg5 Nbd7 14. Re1 Nb6
15. Qe2 Bd6 16. Nb5 Bb8 17. Qc2 h6 18. Bxf6 Qxf6 19. Qxc5 Na4 20. Qe7 Qxe7 21.
Rxe7 Nxb2 22. Rxb7 Nxd3 23. g3 Re8 24. Rd7 Ra5 25. Nfd4 Be5 26. Rd1 Nb4 27. Re1
f6 28. a3 Nc2 29. Nxc2 Rxb5 30. Nd4 Ra5 31. Nf5 Rxa3 32. Rxg7+ Kf8 33. Rh7 Kg8
34. Rd7 Rd3 35. Nxh6+ Kh8 36. Ng4 1-0

[Event "2BLO 1920 FC Bayern München II - Erfurt"]
[Site "?"]
[Date "2021.08.07"]
[Round "9.1"]
[White "Mihok, Oliver"]
[Black "Belezky, Alexander"]
[Result "1-0"]
[WhiteElo "2536"]
[BlackElo "2377"]
[PlyCount "65"]
[EventDate "2021.??.??"]

1. e4 e5 2. Nf3 d6 3. d4 exd4 4. Nxd4 Nf6 5. Nc3 Be7 6. Be2 O-O 7. Bf4 Re8 8.
Qd2 Bf8 9. f3 Nbd7 10. O-O-O Nc5 11. g4 Ne6 12. Bg3 Nxd4 13. Qxd4 Nd7 14. h4 a6
15. g5 b5 16. Bf4 Bb7 17. h5 Nb6 18. g6 fxg6 19. hxg6 h6 20. Rh5 Re6 21. Bd3 c5
22. Qg1 b4 23. Nd5 Bxd5 24. exd5 Rf6 25. Bg5 Be7 26. Bxf6 Bxf6 27. Qg4 Ra7 28.
Qe6+ Kh8 29. Re1 Bg5+ 30. Rxg5 Qxg5+ 31. Kb1 Ra8 32. Qe8+ Rxe8 33. Rxe8# 1-0

[Event "2BLO 1920 FC Bayern München II - Erfurt"]
[Site "?"]
[Date "2021.08.07"]
[Round "9.2"]
[White "Schenk, Andreas"]
[Black "Braeuer, Franz"]
[Result "1-0"]
[WhiteElo "2429"]
[BlackElo "2435"]
[PlyCount "79"]
[EventDate "2021.??.??"]

1. d4 Nf6 2. c4 e6 3. Nc3 Bb4 4. e3 O-O 5. Bd3 c5 6. Nf3 cxd4 7. exd4 d5 8. O-O
dxc4 9. Bxc4 b6 10. Bg5 Bb7 11. Ne5 h6 12. Bf4 Be7 13. Qd3 Nc6 14. Rad1 Nb4 15.
Qe2 Nbd5 16. Bg3 Nxc3 17. bxc3 Nd5 18. Rc1 Rc8 19. Qd3 Bg5 20. f4 Bf6 21. Ng4
Bh4 22. Bb3 Bxg3 23. Qxg3 Kh8 24. f5 exf5 25. Rxf5 Nxc3 26. Rxc3 Qxd4+ 27. Re3
Rc1+ 28. Rf1 Rfc8 29. Rxc1 Rxc1+ 30. Kf2 Ba6 31. Qb8+ Kh7 32. h3 h5 33. Qe5
Qd2+ 34. Kg3 Rc5 35. Qe4+ f5 36. Nf6+ Kh6 37. Ng8+ Kh7 38. Nf6+ Kh6 39. Qf4+ g5
40. Ng8+ 1-0

[Event "2BLO 1920 FC Bayern München II - Erfurt"]
[Site "?"]
[Date "2021.08.07"]
[Round "9.3"]
[White "Enders, Peter"]
[Black "Zajogin, Alexander"]
[Result "1/2-1/2"]
[WhiteElo "2447"]
[BlackElo "2412"]
[PlyCount "154"]
[EventDate "2021.??.??"]

1. b3 Nf6 2. Bb2 g6 3. e4 Bg7 4. g3 O-O 5. Bg2 e5 6. Ne2 Re8 7. O-O c6 8. d3 d5
9. Nd2 a5 10. c3 Bh6 11. Re1 Na6 12. Nf1 Nc5 13. exd5 Bf5 14. Nc1 Bxc1 15. Bxc1
Nxd3 16. Re3 Nxc1 17. Rxc1 Nxd5 18. Re1 Nc7 19. Nd2 Qe7 20. Nc4 Red8 21. Qe2 f6
22. h4 Ne6 23. Rcd1 Qc5 24. Kh2 Rxd1 25. Rxd1 Rd8 26. g4 Rxd1 27. gxf5 Nf4 28.
Qxd1 Qxf2 29. Qf1 Qxa2 30. fxg6 hxg6 31. Kh1 Qxb3 32. Nxa5 Qxc3 33. Nxb7 Nxg2
34. Qxg2 Qe1+ 35. Kh2 Qxh4+ 36. Kg1 Qd4+ 37. Kh2 Qf4+ 38. Kg1 Qc1+ 39. Kh2 Qh6+
40. Kg1 Qc1+ 41. Kh2 Kg7 42. Qf2 Qc4 43. Nd8 c5 44. Qd2 Qh4+ 45. Kg2 Qg4+ 46.
Kh2 c4 47. Qd6 Qe2+ 48. Kg1 Qe1+ 49. Kg2 Qe4+ 50. Kh2 Kh6 51. Ne6 Qe2+ 52. Kg1
Kh5 53. Qe7 Qg4+ 54. Kh2 Qh4+ 55. Kg2 Kg4 56. Qf7 Qh3+ 57. Kf2 Qf3+ 58. Ke1
Qe4+ 59. Kd2 Qd3+ 60. Ke1 c3 61. Qxf6 Qe3+ 62. Kf1 Qf3+ 63. Qxf3+ Kxf3 64. Ke1
Ke3 65. Kd1 Kd3 66. Kc1 Kc4 67. Ng5 Kd4 68. Nf3+ Ke4 69. Ne1 Kd4 70. Nf3+ Kd5
71. Kc2 e4 72. Ng1 Kd4 73. Ne2+ Ke3 74. Nxc3 g5 75. Kd1 g4 76. Ke1 Kf3 77. Nxe4
Kxe4 1/2-1/2

[Event "2BLO 1920 FC Bayern München II - Erfurt"]
[Site "?"]
[Date "2021.08.07"]
[Round "9.4"]
[White "Rodewis, Thomas"]
[Black "Haba, Petr"]
[Result "1/2-1/2"]
[WhiteElo "2373"]
[BlackElo "2444"]
[PlyCount "155"]
[EventDate "2021.??.??"]

1. b3 Nf6 2. Bb2 g6 3. e4 Bg7 4. g3 O-O 5. Bg2 e5 6. Ne2 Re8 7. O-O c6 8. d3 d5
9. Nd2 a5 10. c3 Bh6 11. Re1 Na6 12. Nf1 Nc5 13. exd5 Bf5 14. Nc1 Bxc1 15. Bxc1
Nxd3 16. Re3 Nxc1 17. Rxc1 Nxd5 18. Re1 Nc7 19. Nd2 Qe7 20. Nc4 Red8 21. Qe2 f6
22. h4 Ne6 23. Rcd1 Qc5 24. Kh2 Rxd1 25. Rxd1 Rd8 26. g4 Rxd1 27. gxf5 Nf4 28.
Qxd1 Qxf2 29. Qf1 Qxa2 30. fxg6 hxg6 31. Kh1 Qxb3 32. Nxa5 Qxc3 33. Nxb7 Nxg2
34. Qxg2 Qe1+ 35. Kh2 Qxh4+ 36. Kg1 Qd4+ 37. Kh2 Qf4+ 38. Kg1 Qc1+ 39. Kh2 Qh6+
40. Kg1 Qc1+ 41. Kh2 Kg7 42. Qf2 Qc4 43. Nd8 c5 44. Qd2 Qh4+ 45. Kg2 Qg4+ 46.
Kh2 c4 47. Qd6 Qe2+ 48. Kg1 Qe1+ 49. Kg2 Qe4+ 50. Kh2 Kh6 51. Ne6 Qe2+ 52. Kg1
Kh5 53. Qe7 Qg4+ 54. Kh2 Qh4+ 55. Kg2 Kg4 56. Qf7 Qh3+ 57. Kf2 Qf3+ 58. Ke1
Qe4+ 59. Kd2 Qd3+ 60. Ke1 c3 61. Qxf6 Qe3+ 62. Kf1 Qf3+ 63. Qxf3+ Kxf3 64. Ke1
Ke3 65. Kd1 Kd3 66. Kc1 Kc4 67. Ng5 Kd4 68. Nf3+ Ke4 69. Ne1 Kd4 70. Nf3+ Kd5
71. Kc2 e4 72. Ng1 Kd4 73. Ne2+ Ke3 74. Nxc3 g5 75. Kd1 g4 76. Ke1 Kf3 77. Nxe4
Kxe4 78. Kf1 1/2-1/2

[Event "2BLO 1920 FC Bayern München II - Erfurt"]
[Site "?"]
[Date "2021.08.07"]
[Round "9.5"]
[White "Weishaeutel, Moritz"]
[Black "Gretz, Denis"]
[Result "0-1"]
[WhiteElo "2270"]
[BlackElo "2318"]
[PlyCount "126"]
[EventDate "2021.??.??"]

1. d4 f5 2. g4 d5 3. g5 e6 4. Bf4 Bd6 5. e3 Ne7 6. Qd2 O-O 7. h4 c5 8. dxc5
Bxc5 9. h5 Nbc6 10. Nf3 Bd6 11. Nc3 e5 12. Bg3 Be6 13. O-O-O Rc8 14. Kb1 Bb8
15. Bb5 Qa5 16. Bxc6 Nxc6 17. Nxd5 Qc5 18. Qc3 Qxc3 19. bxc3 f4 20. exf4 exf4
21. Bh4 Bg4 22. Rd3 Bxh5 23. Nd4 Rce8 24. g6 Bxg6 25. Nxc6 Bxd3 26. Nce7+ Kf7
27. cxd3 h6 28. f3 g5 29. Bf2 Rxe7 30. Nxe7 Kxe7 31. Bc5+ Bd6 32. Bxd6+ Kxd6
33. Rxh6+ Ke5 34. Kc2 Kf5 35. Kd2 Re8 36. Rh7 Re3 37. Rxb7 Rxf3 38. c4 Rf2+ 39.
Kc3 f3 40. c5 Rxa2 41. Rf7+ Kg4 42. d4 Ra1 43. d5 Rc1+ 44. Kd4 a5 45. d6 a4 46.
d7 a3 47. Ke3 Rd1 48. Rxf3 a2 49. d8=Q Rxd8 50. Rf1 Rd5 51. Ra1 Rxc5 52. Rxa2
Rf5 53. Ra8 Kg3 54. Rg8 g4 55. Rg7 Rf8 56. Ke2 Kh3 57. Rh7+ Kg2 58. Rg7 Re8+
59. Kd2 g3 60. Rg6 Kf2 61. Rf6+ Kg1 62. Rg6 g2 63. Rg7 Rh8 0-1

[Event "2BLO 1920 FC Bayern München II - Erfurt"]
[Site "?"]
[Date "2021.08.07"]
[Round "9.6"]
[White "Singer, Christoph"]
[Black "Voekler, Bernd"]
[Result "1-0"]
[WhiteElo "2340"]
[BlackElo "2348"]
[PlyCount "89"]
[EventDate "2021.??.??"]

1. Nf3 g6 2. d4 Nf6 3. Nbd2 Bg7 4. e4 d6 5. c3 O-O 6. Bd3 Nbd7 7. O-O e5 8. Re1
Re8 9. h3 a6 10. a4 b6 11. d5 h6 12. a5 b5 13. b4 Rb8 14. Rb1 Nh5 15. c4 Nf4
16. Bf1 Nf8 17. cxb5 axb5 18. Kh2 g5 19. g3 Nxh3 20. Bxh3 g4 21. Bg2 gxf3 22.
Qxf3 Nh7 23. Nf1 Rf8 24. Ne3 Ng5 25. Qh5 Qf6 26. Nf5 Bxf5 27. Bxg5 hxg5 28.
exf5 Qxf5 29. Re2 Qf6 30. Be4 Rfe8 31. Rb3 Qh6 32. Qxh6 Bxh6 33. g4 Bg7 34. Rc3
Rb7 35. Rec2 Re7 36. Rc6 Kf8 37. Kg2 Bf6 38. f3 Bg7 39. Kf2 Bf6 40. Ke3 Bg7 41.
Kd3 Bf6 42. Bf5 e4+ 43. fxe4 Be5 44. Bc8 Ra7 45. a6 1-0

[Event "2BLO 1920 FC Bayern München II - Erfurt"]
[Site "?"]
[Date "2021.08.07"]
[Round "9.7"]
[White "Troyke, Christian"]
[Black "Unzicker, Ferdinand"]
[Result "0-1"]
[WhiteElo "2317"]
[BlackElo "2315"]
[PlyCount "88"]
[EventDate "2021.??.??"]

1. g3 e5 2. c4 Nf6 3. Bg2 c6 4. d4 e4 5. Nc3 d5 6. cxd5 cxd5 7. Bg5 Nbd7 8. f3
Bb4 9. Qb3 Bxc3+ 10. Qxc3 h6 11. Bxf6 Nxf6 12. Qa3 Qb6 13. e3 Be6 14. Ne2 exf3
15. Bxf3 O-O-O 16. O-O Kb8 17. Rac1 h5 18. Nf4 h4 19. gxh4 Rde8 20. h5 Qd8 21.
Rc5 Nxh5 22. Nxd5 Qg5+ 23. Bg2 Qh6 24. Rb5 Bxd5 25. Bxd5 Qg5+ 26. Kf2 Qh4+ 27.
Ke2 Nf4+ 28. Rxf4 Qxf4 29. Rxb7+ Kc8 30. Qc5+ Kd8 31. Rd7+ Kxd7 32. Bc6+ Kc8
33. Bxe8+ Qc7 34. Qf5+ Kd8 35. Bxf7 Rxh2+ 36. Kf3 Rh6 37. Ke2 Rf6 38. Qd5+ Ke7
39. Bh5 Qc2+ 40. Ke1 Qc1+ 41. Ke2 Qf1+ 42. Kd2 Rf2+ 43. Kc3 Qc1+ 44. Kb4 Rxb2+
0-1

[Event "2BLO 1920 FC Bayern München II - Erfurt"]
[Site "?"]
[Date "2021.08.07"]
[Round "9.8"]
[White "Lentrodt, Thomas"]
[Black "Brueggemann, Joachim"]
[Result "0-1"]
[WhiteElo "2243"]
[BlackElo "2296"]
[PlyCount "110"]
[EventDate "2021.??.??"]

1. d4 Nf6 2. Nf3 e6 3. c4 Bb4+ 4. Bd2 Qe7 5. g3 Bxd2+ 6. Qxd2 Ne4 7. Qc2 Qb4+
8. Nbd2 Nxd2 9. Nxd2 Nc6 10. e3 Qe7 11. Bg2 O-O 12. O-O e5 13. d5 Nd8 14. e4 c5
15. f4 d6 16. f5 f6 17. h4 Bd7 18. Rf3 b5 19. cxb5 Bxb5 20. Bf1 Qd7 21. Bxb5
Qxb5 22. Nc4 Nf7 23. Ra3 Rfb8 24. Rf1 a5 25. Ra4 Qd7 26. Rf3 Rb4 27. Rfa3 g6
28. Ne3 Kg7 29. Kg2 Qb7 30. b3 Rd4 31. g4 Qb5 32. Nc4 gxf5 33. gxf5 Rg8 34. Kf3
Qe8 35. Qh2 Kh8 36. Rxa5 Nh6 37. h5 Nf7 38. Nd2 Qb8 39. R3a4 c4 40. Rxc4 Qb6
41. Rxd4 Qxd4 42. Ke2 Ng5 43. Qf2 Qc3 44. Ra4 Nh3 45. Rc4 Qa1 46. Qf1 Nf4+ 47.
Kf3 Qxa2 48. Qc1 Rg3+ 49. Kxg3 Ne2+ 50. Kh3 Nxc1 51. h6 Kg8 52. Rc8+ Kf7 53.
Rc7+ Kf8 54. Nc4 Qxb3+ 55. Kg2 Qc2+ 0-1

[Event "2BLO 1920 MSA Zugzwang - Nickelhütte Au"]
[Site "?"]
[Date "2021.08.07"]
[Round "9.1"]
[White "Prohaszka, Peter"]
[Black "Mons, Leon"]
[Result "0-1"]
[WhiteElo "2570"]
[BlackElo "2530"]
[PlyCount "80"]
[EventDate "2021.??.??"]

1. d4 Nf6 2. c4 e6 3. g3 Bb4+ 4. Bd2 Be7 5. Bg2 d5 6. Nf3 O-O 7. O-O Nbd7 8.
Qc2 Ne4 9. Bf4 c6 10. Nc3 g5 11. Be3 Nd6 12. cxd5 exd5 13. Rad1 f5 14. Qc1 h6
15. h4 Nc4 16. hxg5 Nxe3 17. Qxe3 hxg5 18. Ne1 Kg7 19. Nd3 Bd6 20. f4 Re8 21.
Qf2 Nf6 22. Ne5 Bxe5 23. dxe5 Ng4 24. Qc5 gxf4 25. gxf4 Be6 26. Rd3 Rh8 27. e4
Rh2 28. Rff3 Qh4 29. Rh3 Qe1+ 30. Bf1 Rh8 31. Qe7+ Bf7 32. Qg5+ Bg6 33. Qe7+
Bf7 34. Qg5+ Kf8 35. Rxh2 Rxh2 36. Rf3 Rf2 37. Qd8+ Be8 38. Qf6+ Kg8 39. Qe6+
Kg7 40. Qxf5 Qxf1# 0-1

[Event "2BLO 1920 MSA Zugzwang - Nickelhütte Au"]
[Site "?"]
[Date "2021.08.07"]
[Round "9.2"]
[White "Kindermann, Stefan"]
[Black "Antal, Gergely"]
[Result "1/2-1/2"]
[WhiteElo "2471"]
[BlackElo "2562"]
[PlyCount "61"]
[EventDate "2021.??.??"]

1. d4 Nf6 2. Nf3 g6 3. g3 Bg7 4. Bg2 d5 5. O-O c6 6. b3 O-O 7. c4 dxc4 8. bxc4
c5 9. Bb2 Qb6 10. Qc1 cxd4 11. Nxd4 Bd7 12. Nd2 Nc6 13. Nc2 Rad8 14. Bc3 Qc7
15. Qb2 Nh5 16. Bxg7 Nxg7 17. Ne3 b6 18. Nd5 Qc8 19. Rfd1 Bh3 20. Bh1 f6 21.
Ne4 Bf5 22. c5 Bxe4 23. Bxe4 bxc5 24. Qb5 Kh8 25. Qxc5 Ne6 26. Qe3 Ncd4 27.
Nxe7 Qc7 28. Nd5 Qc4 29. Qd3 Nxe2+ 30. Kh1 Qxd3 31. Rxd3 1/2-1/2

[Event "2BLO 1920 MSA Zugzwang - Nickelhütte Au"]
[Site "?"]
[Date "2021.08.07"]
[Round "9.3"]
[White "Gonda, Laszlo"]
[Black "Hertneck, Gerald"]
[Result "1/2-1/2"]
[WhiteElo "2496"]
[BlackElo "2493"]
[PlyCount "27"]
[EventDate "2021.??.??"]

1. Nf3 d5 2. g3 g6 3. Bg2 Bg7 4. d4 Nf6 5. c4 c6 6. Qb3 O-O 7. O-O b6 8. Nc3 e6
9. Bf4 Ba6 10. cxd5 cxd5 11. Ne5 Bb7 12. Rac1 Nh5 13. Be3 Nc6 14. Nxc6 1/2-1/2

[Event "2BLO 1920 MSA Zugzwang - Nickelhütte Au"]
[Site "?"]
[Date "2021.08.07"]
[Round "9.4"]
[White "Zysk, Robert"]
[Black "Londyn, Radek"]
[Result "1-0"]
[WhiteElo "2391"]
[BlackElo "2391"]
[PlyCount "95"]
[EventDate "2021.??.??"]

1. d4 d5 2. Nf3 Bf5 3. c4 e6 4. Nc3 Nc6 5. cxd5 exd5 6. Bf4 Nf6 7. e3 Bb4 8.
Bb5 O-O 9. O-O Ne7 10. Qb3 Bxc3 11. bxc3 Ng6 12. Bg5 h6 13. Bxf6 Qxf6 14. Be2
Qd6 15. Qxb7 Rfb8 16. Qa6 Rb6 17. Qa4 Rb2 18. Qd1 Qa3 19. c4 c6 20. Qc1 Rab8
21. Re1 Qa5 22. cxd5 Rc2 23. Qd1 cxd5 24. Bd3 Bxd3 25. Qxd3 Rbb2 26. Rf1 Rxa2
27. Rab1 Rcb2 28. h4 Nf8 29. Rbc1 Qb5 30. Qf5 Qd7 31. Qh5 Rc2 32. Ne5 Qe6 33.
Qd1 Qc8 34. Rxc2 Rxc2 35. Qf3 Qe6 36. Ra1 Rc7 37. Ra5 f6 38. Nd3 Qe4 39. Nf4 g5
40. Qxe4 dxe4 41. Nd5 Rf7 42. Ra6 Kg7 43. h5 f5 44. g3 Rd7 45. Nc3 Rb7 46. g4
Rc7 47. Nb5 Rc1+ 48. Kg2 1-0

[Event "2BLO 1920 MSA Zugzwang - Nickelhütte Au"]
[Site "?"]
[Date "2021.08.07"]
[Round "9.5"]
[White "Langrock, Hannes"]
[Black "Bromberger, Stefan"]
[Result "1/2-1/2"]
[WhiteElo "2352"]
[BlackElo "2482"]
[PlyCount "102"]
[EventDate "2021.??.??"]

1. d4 d5 2. c4 e6 3. Nf3 c6 4. Qc2 Bd6 5. g3 f5 6. Bg2 Nf6 7. O-O O-O 8. Nc3
Ne4 9. Rb1 a5 10. a3 Bd7 11. c5 Bc7 12. b4 Be8 13. Ne5 axb4 14. axb4 Nd7 15.
Bf4 Nxe5 16. Bxe5 Bxe5 17. dxe5 Bh5 18. f3 Nxc3 19. Qxc3 f4 20. Ra1 Qg5 21. Kf2
Rad8 22. Qd4 Bg6 23. Ra7 Rf7 24. Rfa1 h5 25. Ra8 Rxa8 26. Rxa8+ Kh7 27. Bh3 h4
28. g4 Bc2 29. Qc3 Bg6 30. Bf1 Qe7 31. Qd4 Kh6 32. h3 Bh7 33. Qa1 Qc7 34. Re8
Re7 35. Rh8 g5 36. Rf8 Rf7 37. Qa8 Kg6 38. Qb8 Qxb8 39. Rxb8 Rd7 40. Rf8 Kg7
41. Rf6 Bg8 42. e3 Rf7 43. Rxf7+ Bxf7 44. b5 Be8 45. bxc6 Bxc6 46. Bd3 Kf7 47.
exf4 gxf4 48. Ke1 Ke7 49. Kd2 Ba4 50. Be2 Be8 51. Kc2 Bg6+ 1/2-1/2

[Event "2BLO 1920 MSA Zugzwang - Nickelhütte Au"]
[Site "?"]
[Date "2021.08.07"]
[Round "9.6"]
[White "Lammers, Markus"]
[Black "Wichmann, Cliff"]
[Result "1/2-1/2"]
[WhiteElo "2299"]
[BlackElo "2305"]
[PlyCount "33"]
[EventDate "2021.??.??"]

1. Nf3 d5 2. c4 e6 3. e3 Nf6 4. d4 Be7 5. Nc3 O-O 6. Bd3 dxc4 7. Bxc4 c5 8. O-O
a6 9. a3 b5 10. Ba2 Bb7 11. Qe2 Nbd7 12. Rd1 Qc7 13. Bd2 Rac8 14. Rac1 Qb8 15.
Be1 Qa8 16. Bb1 Rfd8 17. h3 1/2-1/2

[Event "2BLO 1920 MSA Zugzwang - Nickelhütte Au"]
[Site "?"]
[Date "2021.08.07"]
[Round "9.7"]
[White "Pulpan, Jakub"]
[Black "Eichler, Christoph"]
[Result "1/2-1/2"]
[WhiteElo "2414"]
[BlackElo "2297"]
[PlyCount "95"]
[EventDate "2021.??.??"]

1. g3 d5 2. Bg2 Nf6 3. Nf3 e6 4. b3 Be7 5. Bb2 O-O 6. O-O c5 7. d4 Nc6 8. Nbd2
cxd4 9. Nxd4 Bd7 10. c4 Nxd4 11. Bxd4 Bc6 12. Rc1 b6 13. cxd5 Bxd5 14. e4 Bb7
15. e5 Nd5 16. Qg4 Rc8 17. Ne4 Ba6 18. Rxc8 Qxc8 19. Re1 Bb4 20. Rd1 Qc2 21.
Nf6+ Nxf6 22. exf6 g6 23. Bf1 h5 24. Qf3 Bxf1 25. Rxf1 Rd8 26. Be5 Rd5 27. Qf4
Bc5 28. b4 Bf8 29. a3 a5 30. Bd4 Qc4 31. Bxb6 Qxf4 32. gxf4 axb4 33. axb4 Rb5
34. Be3 Rxb4 35. Ra1 Rb8 36. Bd4 Bd6 37. Be5 Bxe5 38. fxe5 g5 39. h4 g4 40. f3
gxf3 41. Kf2 Rb4 42. Rg1+ Rg4 43. Rg3 Kf8 44. Kxf3 Rxh4 45. Rg7 Rh1 46. Rh7 Kg8
47. Rg7+ Kf8 48. Rh7 1/2-1/2

[Event "2BLO 1920 MSA Zugzwang - Nickelhütte Au"]
[Site "?"]
[Date "2021.08.07"]
[Round "9.8"]
[White "Tebelmann, Lars"]
[Black "Cerveny, Martin"]
[Result "0-1"]
[WhiteElo "2027"]
[BlackElo "2406"]
[PlyCount "70"]
[EventDate "2021.??.??"]

1. Nf3 d5 2. c4 c6 3. g3 Nf6 4. Bg2 dxc4 5. a4 a5 6. Na3 Qd5 7. O-O Be6 8. b3
cxb3 9. d3 Qd8 10. Ng5 Bc8 11. Nc4 h6 12. Ne4 Nxe4 13. Bxe4 e6 14. Bf4 Bb4 15.
Qc1 Nd7 16. d4 Nf6 17. Bg2 O-O 18. Rb1 Bd7 19. Ne5 Rc8 20. Rxb3 b5 21. g4 Nh7
22. h4 Be8 23. h5 c5 24. dxc5 bxa4 25. Rg3 Rxc5 26. Qe3 Rc3 27. Qe4 Rxg3 28.
Bxg3 Bb5 29. f4 a3 30. f5 Ng5 31. Qb7 Bxe2 32. Rc1 a2 33. Nc6 Qd2 34. Ra1 Qb2
35. Be5 Bc5+ 0-1

[Event "2BLO 1920 SF Bad Mergentheim - Münchene"]
[Site "?"]
[Date "2021.08.08"]
[Round "10.2"]
[White "Ikonnikov, Vyacheslav"]
[Black "Indjic, Aleksandar"]
[Result "0-1"]
[WhiteElo "2500"]
[BlackElo "2610"]
[PlyCount "94"]
[EventDate "2021.??.??"]

1. d4 Nf6 2. Nf3 e6 3. Bf4 c5 4. c3 Nc6 5. e3 Nh5 6. Bg5 Qb6 7. Qb3 h6 8. Qxb6
axb6 9. Bh4 d5 10. Nbd2 c4 11. a3 b5 12. Rc1 g5 13. Bg3 Bg7 14. Be5 f6 15. Bd6
Kd7 16. Bc5 f5 17. Be2 Nf6 18. Ne5+ Kc7 19. Nf7 Rg8 20. Bd6+ Kb6 21. h4 g4 22.
f4 Bf8 23. Bxf8 Rxf8 24. Ne5 Ne7 25. Bd1 Bd7 26. Bc2 Bc6 27. Kf2 Nc8 28. g3 Nd6
29. Rb1 Ra6 30. Rhc1 Rfa8 31. Ke2 Kc7 32. Rg1 Be8 33. Kd1 b4 34. axb4 Ra2 35.
Rg2 Ba4 36. Nf1 Nfe4 37. Kc1 Bxc2 38. Rxc2 Nb5 39. h5 Kd6 40. Nf7+ Ke7 41. Ne5
Nexc3 42. bxc3 Rxc2+ 43. Kxc2 Ra2+ 44. Kc1 Nxc3 45. Rb2 Ra1+ 46. Kc2 Nb5 47.
Nh2 c3 0-1

[Event "2BLO 1920 SF Bad Mergentheim - Münchene"]
[Site "?"]
[Date "2021.08.08"]
[Round "10.3"]
[White "Martinovic, Sasa"]
[Black "Kazakouski, Valery"]
[Result "1-0"]
[WhiteElo "2548"]
[BlackElo "2499"]
[PlyCount "67"]
[EventDate "2021.??.??"]

1. d4 Nf6 2. c4 e6 3. Nf3 d5 4. Nc3 Bb4 5. Bg5 dxc4 6. e4 h6 7. Bxf6 Qxf6 8.
Bxc4 c5 9. O-O O-O 10. e5 Qd8 11. Qe2 Bxc3 12. bxc3 cxd4 13. cxd4 Bd7 14. Rac1
Bc6 15. Rfd1 Qe7 16. Nd2 Nd7 17. Ne4 Rfd8 18. Bb3 Nb6 19. Qg4 Bxe4 20. Qxe4
Rac8 21. h4 h5 22. Rxc8 Rxc8 23. Rd3 Nd5 24. g3 Rd8 25. Kg2 g6 26. Rf3 Qd7 27.
g4 hxg4 28. Qxg4 Ne7 29. Qg5 Qe8 30. Rf4 Rc8 31. h5 Qc6+ 32. Kh2 Qc1 33. h6 Nf5
34. Rxf5 1-0

[Event "2BLO 1920 SF Bad Mergentheim - Münchene"]
[Site "?"]
[Date "2021.08.08"]
[Round "10.4"]
[White "Gasthofer, Alexander"]
[Black "Tadic, Branko"]
[Result "0-1"]
[WhiteElo "2420"]
[BlackElo "2469"]
[PlyCount "94"]
[EventDate "2021.??.??"]

1. Nf3 c5 2. c4 Nf6 3. g3 g6 4. Bg2 Bg7 5. O-O O-O 6. d4 cxd4 7. Nxd4 Nc6 8.
Nc3 Qa5 9. Nb3 Qh5 10. e4 d6 11. Qxh5 Nxh5 12. c5 dxc5 13. Nxc5 Rb8 14. Nd3 Rd8
15. Nf4 Nxf4 16. Bxf4 Be5 17. Bxe5 Nxe5 18. Nd5 e6 19. Ne3 Bd7 20. f4 Nd3 21.
e5 Bb5 22. b3 g5 23. Ng4 gxf4 24. Be4 Nxe5 25. Nxe5 Bxf1 26. Rxf1 f6 27. Nf3
fxg3 28. hxg3 f5 29. Bc2 Rbc8 30. Rf2 Kg7 31. b4 Rc3 32. Kg2 h5 33. Re2 Kf6 34.
Bb3 Rd6 35. Kf2 b5 36. Kg2 Rc7 37. Kf2 Rg7 38. Ne5 a6 39. Re3 Rd2+ 40. Ke1 Rd4
41. Nd3 e5 42. Bd1 h4 43. gxh4 Rg1+ 44. Ke2 Rxh4 45. Ne1 Rh2+ 46. Kd3 e4+ 47.
Kc3 Kg5 0-1

[Event "2BLO 1920 SF Bad Mergentheim - Münchene"]
[Site "?"]
[Date "2021.08.08"]
[Round "10.5"]
[White "Schnider, Gert"]
[Black "Gasthofer, Viktor"]
[Result "1/2-1/2"]
[WhiteElo "2418"]
[BlackElo "2305"]
[PlyCount "45"]
[EventDate "2021.??.??"]

1. d4 e6 2. c4 d5 3. Nc3 Nf6 4. cxd5 Nxd5 5. e4 Nxc3 6. bxc3 c5 7. Nf3 cxd4 8.
cxd4 Bb4+ 9. Bd2 Bxd2+ 10. Qxd2 O-O 11. Bc4 Nd7 12. O-O b6 13. Rad1 Bb7 14.
Rfe1 Rc8 15. Bd3 Qe7 16. h3 Rfd8 17. Qf4 Nf8 18. Bb1 Rc4 19. h4 Qc7 20. Qg4 e5
21. d5 Rxd5 22. Rxd5 Bxd5 23. Qg3 1/2-1/2

[Event "2BLO 1920 SF Bad Mergentheim - Münchene"]
[Site "?"]
[Date "2021.08.08"]
[Round "10.6"]
[White "Reinhardt, Bernd"]
[Black "Berchtenbreiter, Maximilian"]
[Result "0-1"]
[WhiteElo "2180"]
[BlackElo "2504"]
[PlyCount "70"]
[EventDate "2021.??.??"]

1. d4 g6 2. e4 c6 3. h4 h5 4. Nc3 d5 5. exd5 cxd5 6. Bf4 a6 7. Qd2 Nc6 8. Nge2
Bg7 9. g3 Bg4 10. Bg2 Nf6 11. O-O O-O 12. f3 Bf5 13. Nd1 Qd7 14. Nf2 Rfe8 15.
Rfe1 Rad8 16. Rad1 Qc8 17. c3 Nh7 18. Nd3 Bxd3 19. Qxd3 b5 20. Nc1 e5 21. dxe5
Nxe5 22. Bxe5 Bxe5 23. f4 Bb8 24. Rxe8+ Rxe8 25. Bxd5 Qh3 26. Ne2 Rxe2 27. Qxe2
Ba7+ 28. Rd4 Bxd4+ 29. cxd4 Qxg3+ 30. Bg2 Qxf4 31. Qe8+ Nf8 32. d5 Kg7 33. Qe7
Qd4+ 34. Kh1 Nh7 35. d6 Nf6 0-1

[Event "2BLO 1920 SF Bad Mergentheim - Münchene"]
[Site "?"]
[Date "2021.08.08"]
[Round "10.7"]
[White "Radovanovic, Nikola"]
[Black "Raps, Johannes"]
[Result "1-0"]
[WhiteElo "2409"]
[BlackElo "2133"]
[PlyCount "45"]
[EventDate "2021.??.??"]

1. d4 Nf6 2. c4 e6 3. Nc3 d5 4. cxd5 exd5 5. Bg5 Be7 6. e3 c6 7. Bd3 O-O 8. Qc2
h6 9. Bh4 Nbd7 10. h3 c5 11. Nf3 b6 12. O-O Bb7 13. Rad1 c4 14. Bf5 Re8 15. Ne5
Nf8 16. Qe2 g6 17. Bc2 N6d7 18. Bg3 Bf6 19. f4 a6 20. Qf3 Nb8 21. Nxc4 Re7 22.
Ne5 Qd6 23. Bb3 1-0

[Event "2BLO 1920 SF Bad Mergentheim - Münchene"]
[Site "?"]
[Date "2021.08.08"]
[Round "10.8"]
[White "Koslov, Philipp"]
[Black "Ciolek, Andreas"]
[Result "0-1"]
[WhiteElo "1857"]
[BlackElo "2247"]
[PlyCount "118"]
[EventDate "2021.??.??"]

1. e4 c6 2. d4 d5 3. exd5 cxd5 4. Bd3 Nf6 5. Bf4 Qb6 6. b3 Bg4 7. Ne2 e6 8. O-O
Bd6 9. Bxd6 Qxd6 10. Qd2 Nc6 11. c3 Bxe2 12. Qxe2 Qf4 13. Nd2 O-O 14. g3 Qg4
15. f4 Qxe2 16. Bxe2 Ne7 17. Bd3 Rac8 18. Rac1 g6 19. Rfe1 Rc7 20. Nf3 Rfc8 21.
c4 dxc4 22. Rxc4 Rxc4 23. bxc4 Nc6 24. Rb1 Rc7 25. Kf2 Na5 26. Ne5 b6 27. Ke3
Ne8 28. Rc1 f6 29. Nf3 Kf7 30. g4 Nd6 31. Nd2 Nc6 32. c5 Nb4 33. Nb3 Nc8 34. a3
Nd5+ 35. Kf3 Nce7 36. h4 Nc6 37. Be4 bxc5 38. Bxd5 exd5 39. dxc5 Rb7 40. Nd2
Rb2 41. Ke3 Ra2 42. Kd3 Rxa3+ 43. Rc3 Ra4 44. Rb3 Rxf4 45. Rb7+ Ke6 46. h5 Rxg4
47. h6 Rh4 48. Rxh7 Ne5+ 49. Kc3 d4+ 50. Kb4 Kd5 51. Kb5 Rh2 52. Rh8 Rxd2 53.
Rd8+ Ke6 54. h7 Rb2+ 55. Ka6 Nf7 56. c6 Rb6+ 57. Ka5 Rxc6 58. Rf8 Rc5+ 59. Kb4
Rh5 0-1